000 00702nam a2200289Ia 4500
005 20260324140131.0
008 008 260324s9999 xx 000 0 eng d
020 _a9781003076957
037 _aEBOOK
040 _aCRL
040 _beng
040 _cCRL
041 _2eng
041 _aeng
084 _qCRL
100 _aJ. Mietz
_91203259
245 0 _aCorrosion of Reinforcement in Concrete (EFC 25)
245 0 _bMonitoring, Prevention and Rehabilitation
260 _bTaylor and Francis
260 _c1999
365 _a
365 _b340
856 _uhttp://www.taylorfrancis.com/books/9781003076957
942 _cEBOOK
999 _c1804989
_d1804989